LEADER 00962nam a2200217 i 4500 001 000000138909 003 CaOOAMICUS 005 20140415000000.0 008 140415s1719 it u000 u ita u 013 $a112864 026 $apoi- t-ni tile guma (3) 1719 (R) 040 $aSeMil$bita 245 10$aTomo secondo, nel quale si contiene l'esercizio della buona morte diviso in tre parti. 300 $a[8], 350, [10] p. 500 $aSegn. : a4 A-Y8 Z4. - Fondo Bidoglio. 773 0 $aCattaneo, Carlo Ambrogio <1646-1705>$tOpere del padre Carl'Ambrogio Cattaneo della Compagnia di Gesù. Tomo 1. [-3.].$dIn Venezia : Presso Nicolò Pezzana, 1719.$g2$w()29743 850 $aSeMil 852 $aSeMil$W1$xVenegono$y1$m2C III 92 FA$j92349$B92349$CSeMilBibl$Z2$F97554 $8I 941 1 $a2 961 $aLascito: Bidoglio don Maurizio 996 $6245$aTomo secondo, nel quale si contiene l'esercizio della buona morte diviso in tre parti$9(OLS)http://semarc/title/202995 LEADER 01122nam a2200241 i 4500 001 000000004630 003 CaOOAMICUS 005 20250919111825.0 008 180830s1881 it u000 u ita u 040 $aSeMil$bita 100 1 $aCattaneo, Carlo Ambrogio,$d<1646-1705>.$0(OLS)http://semarc/name/2833 245 10$aOpere del padre Carlo Ambrogio Cattaneo della Compagnia di Gesù. 250 $a3. edizione milanese. 260 $aMilano :$bGuigoni,$c1881. 260 $aMilano :$bBoniardi-Pogliani,$c1881. 300 $a4 v. ;$c22 cm. 774 0 $tEsercizio della buona morte.$g2$w()247535 774 0 $tEsercizi spirituali di sant'Ignazio e le massime eterne.$g4$w()247537 774 0 $tPanegirici ed orazioni funebri ; Discorsi varii ; Meditazioni e considerazioni ; Selva di pensieri, esempi e riflessioni divote.$g3$w()247538 996 $6245$aOpere del padre Carlo Ambrogio Cattaneo della Compagnia di Gesù$9(OLS)http://semarc/title/6744 996 $6260$aMilano :$bBoniardi-Pogliani$9(OLS)http://semarc/publisher/31322 996 $6260$aMilano :$bGuigoni$9(OLS)http://semarc/publisher/31233